书目信息 |
| 题名: |
跨文化交际:话语分析法
|
|
| 作者: | 罗纳德·斯考伦 , 苏珊·王·斯考伦 著 ;施家炜 译 | |
| 分册: | ||
| 出版信息: | 北京 社会科学文献出版社 2001.7 |
|
| 页数: | 353页 | |
| 开本: | 20cm | |
| 丛书名: | 交际语言译丛 | |
| 单 册: | ||
| 中图分类: | H030 | |
| 科图分类: | ||
| 主题词: | 人际交往--语义分析--研究 | |
| 电子资源: | ||
| ISBN: | 7-80149-533-0 | |
| 000 | 00790nam0 2200241 45 | |
| 001 | 0211111419 | |
| 005 | 20031219104100.0 | |
| 010 | @a7-80149-533-0@dCNY22.00 | |
| 100 | @a20021111d2001 km y0chiy0120 ea | |
| 101 | 0 | @achi |
| 105 | @a z 000yy | |
| 200 | 1 | @a跨文化交际:话语分析法@AKua Wen Hua Jiao Ji:Hua Yu Fen Xi Fa@f罗纳德·斯考伦,苏珊·王·斯考伦著@FLuo Na De·Si Kao Lun,Su Shan·Wang·Si Kao Lun Zhu@g施家炜译 |
| 210 | @a北京@c社会科学文献出版社@d2001.7 | |
| 215 | @a353页@d20cm | |
| 225 | @a交际语言译丛 | |
| 410 | @12001 @a交际语言译丛 | |
| 606 | 0 | @a人际交往@x语义分析@x研究 |
| 690 | @aH030@v4 | |
| 701 | 0 | @a罗纳德·斯考伦@4著 |
| 701 | 0 | @a苏珊·王·斯考伦@4著 |
| 702 | 0 | @a施家炜@AShi Jia Wei@4译 |
| 801 | @aCN@bTSTC@c20021111 | |
| 905 | @b317068-077@dH030@e35@f10 | |
| 跨文化交际:话语分析法/罗纳德·斯考伦,苏珊·王·斯考伦著/施家炜译.-北京:社会科学文献出版社,2001.7 |
| 353页;20cm.-(交际语言译丛) |
| ISBN 7-80149-533-0:CNY22.00 |
| ● |
| 相关链接 |
|
|
|
|
正题名:跨文化交际:话语分析法
索取号:H030/35
 
预约/预借
| 序号 | 登录号 | 条形码 | 馆藏地/架位号 | 状态 | 备注 |
| 1 | 0317068 | 203170683 | 第四借阅区/ [索取号:H030/35] | 在馆 | |
| 2 | 0317069 | 203170692 | 第四借阅区/ [索取号:H030/35] | 在馆 | |
| 3 | 0317070 | 203170709 | 第四借阅区/ [索取号:H030/35] | 在馆 | |
| 4 | 0317071 | 203170718 | 第四借阅区/ [索取号:H030/35] | 在馆 | |
| 5 | 0317072 | 203170727 | 第四借阅区/ [索取号:H030/35] | 在馆 | |
| 6 | 0317073 | 203170736 | 第四借阅区/ [索取号:H030/35] | 在馆 | |
| 7 | 0317074 | 203170745 | 第四借阅区/ [索取号:H030/35] | 在馆 | |
| 8 | 0317075 | 203170754 | 第四借阅区/ [索取号:H030/35] | 在馆 | |
| 9 | 0317076 | 203170763 | 第四借阅区/ [索取号:H030/35] | 在馆 | |
| 10 | 0317077 | 203170772 | 第二样本阅览室/ [索取号:H030/35] | 在馆 |